000
00289nam a22001217a 4500
003
OSt
005
20160727222456.0
008
160705b xxu||||| |||| 00| 0 eng d
100
_9
2175
_a
Remembered Serenade
245
_a
Remembered Serenade
300
_a
Remembered Serenade
942
_2
ddc
_c
BK
999
_c
1865
_d
1865